The international police and world security /

Bibliographic Details
Main Author: Altman, Victor
Other Authors: Schnur, Harry C.
Format: Book
Language:English
Undetermined
Published: London : Alliance press limited, [1945]
Subjects:

MARC

Tag First Indicator Second Indicator Subfields
LEADER 00000cam a2200000 4500
001 in00000053871
005 20151008050908.0
008 800502r1945 enk 00010 eng
010 |a  46002088  
035 |a (OCoLC)06276209 
035 |9 AAG4109AM 
040 |a DLC  |c TXA  |d UtOrBLW 
041 1 |a eng  |a und 
049 |a TXAM  |c [349989] 
050 0 |a JX1981.P7  |b A48 1945 
092 |a 341  |b A468i 
100 1 |a Altman, Victor. 
245 1 4 |a The international police and world security /  |c by Victor Altman. 
264 1 |a London :  |b Alliance press limited,  |c [1945] 
300 |a 105 pages, 2 . ;  |c 21 cm. 
336 |a text  |b txt  |2 rdacontent 
337 |a unmediated  |b n  |2 rdamedia 
338 |a volume  |b nc  |2 rdacarrier 
500 |a "Translated by Harry C. Schnur." 
500 |a "First published 1945." 
650 0 |a International police. 
700 1 |a Schnur, Harry C. 
999 |a MARS 
999 f f |s 8879a0bf-a2f3-35cf-9b67-586a2d09555e  |i 7d0444a0-a6dc-30f6-9b63-8cd7150bb425  |t 0 
952 f f |p ric  |a Texas A&M University  |b Rellis Campus  |c Joint Library Facility  |d Remote Storage  |t 0  |e JX1981.P7 A48 1945  |h Library of Congress classification  |i unmediated -- volume  |m A14800780615 
998 f f |a JX1981.P7 A48 1945  |t 0  |l Remote Storage